| 000 | 00623nam a2200205Ia 4500 | ||
|---|---|---|---|
| 003 | OSt | ||
| 005 | 20260428093307.0 | ||
| 008 | 210210b1945 xxu||||| |||| 00| 0 eng d | ||
| 040 | _cAL | ||
| 041 | _aKannada | ||
| 082 | _a928K KANN | ||
| 100 |
_aKANDADE KRASHNAYYANGAR. _dಕಂದಾಡೆ ಕೃಷ್ಣಯ್ಯಂಗಾರ್ _9262946 |
||
| 245 |
_aNanu kanda kailasam. _bನಾನು ಕಂಡ ಕೈಲಾಸಂ |
||
| 260 |
_aBengaluru. _bBrandhavan Printers & Publishers Pvt Ltd., _c1945 |
||
| 300 | _aiv,94 | ||
| 650 |
_aKailasam _9262947 |
||
| 690 |
_aBiography _9262948 |
||
| 906 | _a043054 | ||
| 942 |
_2ddc _cBK |
||
| 999 |
_c92742 _d92742 |
||